Controlled synthesis of manganese(IV) oxide/iron(III) oxide nanostructured mixed oxide for supercapacitor application (Record no. 45643)

000 -LEADER
fixed length control field 00527nam a22001697a 4500
001 - CONTROL NUMBER
control field 45643
003 - CONTROL NUMBER IDENTIFIER
control field BD-DhUET
008 - FIXED-LENGTH DATA ELEMENTS--GENERAL INFORMATION
fixed length control field 260401b xxu||||| |||| 00| 0 eng d
040 ## - CATALOGING SOURCE
Transcribing agency 0
Modifying agency BD-DhUET
100 ## - MAIN ENTRY--PERSONAL NAME
Personal name Nazrul Islam, Md.
245 ## - TITLE STATEMENT
Title Controlled synthesis of manganese(IV) oxide/iron(III) oxide nanostructured mixed oxide for supercapacitor application
260 ## - PUBLICATION, DISTRIBUTION, ETC. (IMPRINT)
Place of publication, distribution, etc. Dhaka
Name of publisher, distributor, etc. Department of Chemistry, BUET
Date of publication, distribution, etc. 2026
300 ## - PHYSICAL DESCRIPTION
Extent xiii,71p.
501 ## - WITH NOTE
With note One CD-ROM
504 ## - BIBLIOGRAPHY, ETC. NOTE
Bibliography, etc Includes bibliographies
942 ## - ADDED ENTRY ELEMENTS (KOHA)
Koha item type Thesis
Holdings
Withdrawn status Copy number Not for loan Sublocation or collection (holding branch) Koha date last seen Piece designation (barcode) Date acquired Shelving location Price effective from Koha item type Source of classification or shelving scheme Damaged status Location (home branch) Lost status
 1 Central Library, BUET2026-04-011210062026-03-30Acquisition section2026-04-01Thesis  Central Library, BUET